| 000 | 01802cam a22004814i 4500 | ||
|---|---|---|---|
| 003 | PE-LiUPU | ||
| 005 | 20250731173151.0 | ||
| 008 | 150623s r 000 0 d | ||
| 020 | _a0801026482 | ||
| 035 | _a(Sirsi) i9780801026485 | ||
| 040 |
_aPE-LiUPU _bspa _cPE-LiUPU _erda |
||
| 049 | _aPRUA | ||
| 082 | 0 | 4 |
_a266 _bM79 _221 |
| 100 | 1 |
_aMoreau, A. Scott, _d1955-, _eautor. |
|
| 245 | 1 | 0 |
_aIntroducing world missions : _ba biblical, historical, and practical survey / _cA. Scott Moreau, Gary R. Corwin, Gary B. McGee. |
| 264 | 1 |
_aGrand Rapids, Michigan : _bBaker Academic, _c2004. |
|
| 300 |
_a349 páginas : _bilustraciones mapas, tablas, gráficos ; _c24 centímetros |
||
| 300 | _aCD-ROM | ||
| 336 |
_atext _2rdacontent |
||
| 337 |
_aunmediated _2rdamedia |
||
| 338 |
_avolume _2rdacarrier |
||
| 504 | _aIncluye bibliografía. | ||
| 505 | 0 | _aEncountering mission in the scriptures. Encountering missions in history. Encountering missions as a candidate. Encountering missions as a sent one and as a sender. Missions encountering the contemporary world. | |
| 526 | _aSEG42 | ||
| 526 | _aSEG41 | ||
| 526 | _aSEG40 | ||
| 526 | _aSEG39 | ||
| 526 | _aP94 | ||
| 526 | _aP87 | ||
| 526 | _aP86 | ||
| 526 | _aP85 | ||
| 526 | _aP77 | ||
| 526 | _aP76 | ||
| 526 | _aP35 | ||
| 650 | 0 | 4 | _aIglesia en el mundo. |
| 650 | 0 | 4 | _aMisiones. |
| 942 |
_2ddc _cBOOK |
||
| 949 |
_a266 M79 _wDEWEY _c1 _i53464 _lCCODEBUL1 _mBUL _p24.00 _r0 _sY _tBOOK _u2015-6-24 _xTEOLOGIA _PP35 _0COMPRA _o.STAFF. Colección General |
||
| 994 |
_aC0 _bPEPRU |
||
| 596 | _a1 | ||
| 999 |
_a266 M79 _wDEWEY _c35438 _i53464 _d35438 _f2021-11-10 _g5 _lCCODEBUL1 _mBUL _p24.00 _q2 _r0 _sY _tBOOK _u2015-6-24 _xTEOLOGIA _PP35 _0COMPRA _o.STAFF. Colección General |
||
| 980 |
_81 _gALBERTO SANCHEZ Responsable de Automatización |
||